|
|
|
|
| LEADER |
00719cam a2200217 7i4500 |
| 001 |
0000002700 |
| 005 |
20170218090000.0 |
| 020 |
|
|
|a 9780072193923
|
| 020 |
|
|
|a 0072193921 (pbk.)
|
| 090 |
0 |
0 |
|a QA76.8.V57
|b B76 2001
|
| 100 |
1 |
|
|a Broida, Rick
|
| 245 |
1 |
0 |
|a How to do everything with your Visor
|c Rick Broida, Dave Johnson.
|
| 250 |
|
|
|a 2nd ed.
|
| 260 |
|
|
|a New York:
|b Osborne/McGraw-Hill,
|c 2001.
|
| 300 |
|
|
|a xx, 594 p.:
|b ill.;
|c 24 cm.
|
| 490 |
0 |
|
|a How to do everything with your
|
| 500 |
|
|
|a Includes index
|
| 650 |
0 |
0 |
|a Pocket computers
|
| 700 |
1 |
|
|a Johnson, Dave
|
| 997 |
|
|
|a Communication, Visual Art & Computing, Faculty
|b Computing, Department
|
| 999 |
|
|
|a 0000009389
|b BOK
|c OPEN SHELF
|e 2nd Floor, Bestari Jaya
|